000 00887nam a2200253Ia 4500
003 OSt
005 20220916110903.0
006 a|||||r|||| 00| 0
007 ta
008 220915b |||||||| |||| 00| 0 hin d
024 _a269510
037 _cTextbook
040 _bhin
_aARTS
_cARTS
041 _ahin
082 _aO1518:g, 152K6(EPH)
100 _aजैन, देवेन्द्रकुमार
245 0 _aअपभ्रश भाषा और साहित्य
246 _aApabhrash bhāṣhā aur sāhitya
260 _aवाराणसी
_bभारतीय ज्ञानपीठ भारत
_c1966
300 _a347पण्
_ccm.
650 _aहिन्दी साहित्य
942 _hO1518:g, 152K6(EPH)
_cTB
_2CC
999 _c100439
_d100439